Pokémon-Ou obtient-on le Multi Exp? - Statistiques

Statistiques générales
  • Ce quiz a été pris 12 fois
  • Le résultat moyen est 4 sur 10
Statistiques - réponses
Jeux Localisation % Correct
Rubis, Saphir, Emeraude MérouvilleNénucrique
75%
Diamant, Perle, Platine Entre la Route 206 et VestigionFéli-Cité
58%
Noire, Blanche,Noire 2, Blanche 2 VolucitéFlocombe
58%
X, Y Route 4
50%
Rubis Oméga, Saphir Alpha Bois Clémenti
42%
Rouge, Bleu, Jaune,Rouge Feu, Vert Feuille Entre la Route 15 et Parmanie
42%
Or, Argent, Cristal,Heartgol, Soulsilver Chez M Pokémon
33%
Soleil, Lune, Ultra-Soleil, Ultra-Lune Ecole des Dresseurs
25%
Noire 2, Blanche 2 Amaillide
17%
Heartgold, Soulsilver Tour Radio de Doublonville
0%
Aucun quiz correspondant
Distribution des résultats
% des personnes avec chaque résultat
Percentile par nombre de réponses
Votre historique - résultats
Vous n’avez pas pris ce quiz